000 00636nam a2200229 i 4500
001 C2-0279177
003 PPAK
005 20180728010503.0
008 070422s xx a|||| ||||| | may d
040 _aPPAK
_beng
_cPPAK
_erda
082 0 4 _a928.9
_223
090 0 0 _a928.9
_bSOF
_dKK
100 0 _aMohamad Sofee Razak,
_eauthor
245 1 0 _aZa'aba: Pensyarah bahasa melayu dan ulama tersohor.
300 _a4 pages :
_billustrations ;
_c30 cm
336 _2rdacontent
_atext
337 _2rdamedia
_aunmediated
338 _2rdacarrier
_avolume
500 _aPetikan dari Majalah Pendidik
650 1 0 _aBiography
942 _ddc
_cB
999 _c85881
_d85881